[Event "2020 Gustafson Memorial, S02089"]
[Site "CCLA"]
[Date "2020.10.24"]
[Round "?"]
[White "Taylor, Ronald D."]
[Black "Ritzmann, Andrew M."]
[Result "1-0"]
[WhiteElo "1375"]
[BlackElo "1248"]

1. d4 d5 2. Nf3 Nf6 3. e3 Nc6 4. c4 e6 5. Nc3 Bb4 6. Bd3 Ne7 7. O-O O-O 8.
 a3 c5 9. axb4 dxc4 10. Bxc4 Qc7 11. bxc5 Ng4 12. h3 Nf6 13. e4 Nc6 14. d5
exd5 15. exd5 Nxd5 16. Bxd5 Ne5 17. Nxe5 Qxe5 18. Re1 Qc7 19. b4 h6 20. 
Nb5 Qd7 21. Nd6 Rd8 22. Nxf7 Rf8 23. Ne5+ Qe6 24. Bxe6+ Bxe6 25. Bb2 Rad8 
26. Qc2 Bf5 27. Qc4+ Kh7 28. g4 Bxg4 29. Nxg4 Rd2 30. Qc3 Rfd8 31. Qxg7# 
1-0

[Event "2020 Gustafson Memorial, S02089"]
[Site "CCLA"]
[Date "2020.10.24"]
[Round "?"]
[White "Berger, Byron"]
[Black "Cangelosi, Dominic"]
[Result "0-1"]
[WhiteElo "1296"]
[BlackElo "1406"]

1. Nc3 d5 2. d4 c5 3. e4 Nc6 4. Bb5 dxe4 5. dxc5 Qxd1+ 6. Kxd1 Bg4+ 7. Ke1
Nf6 8. Bg5 O-O-O 9. Be2 Nd4 10. Rc1 Bf5 11. Nb5 Nxb5 12. Bxb5 Rd5 13. Bc4 
Rxc5 14. Bxf7 Bg6 15. Bxg6 Rxg5 16. Bf7 Rxg2 17. Ne2 Ng4 18. Be6+ Kb8 19. 
Bxg4 Rxg4 20. Ng3 e6 21. Ke2 Bc5 22. Rcf1 Rf4 23. Nh5 Rf7 24. Rhg1 g6 25. 
Rg5 Rf5 26. Rxf5 exf5 27. Nf6 Bd4 28. Nd5 Bxb2 29. Rd1 Be5 0-1

[Event "2020 Gustafson Memorial, S02089"]
[Site "CCLA"]
[Date "2020.10.24"]
[Round "?"]
[White "Berger, Byron"]
[Black "Taylor, Ronald D."]
[Result "0-1"]
[WhiteElo "1296"]
[BlackElo "1375"]

1. Nc3 c5 2. Nf3 g6 3. d4 cxd4 4. Nxd4 Bg7 5. e4 Nc6 6. Be3 Nf6 7. Bc4 d6 
8. f3 a6 9. Qd2 e6 10. Nxc6 bxc6 11. Bh6 O-O 12. Bxg7 Kxg7 13. O-O-O d5 
14. exd5 cxd5 15. Bd3 Qc7 16. g4 Bd7 17. g5 Nh5 18. Ne2 Rfb8 19. Rdg1 Bb5 
20. Ng3 Nf4 21. Bxb5 Rxb5 22. h4 Rab8 23. Kd1 Rxb2 24. h5 Rb1+ 0-1

[Event "2020 Gustafson Memorial, S02089"]
[Site "CCLA"]
[Date "2020.10.24"]
[Round "?"]
[White "Berger, Byron"]
[Black "Ritzmann, Andrew M."]
[Result "1-0"]
[WhiteElo "1296"]
[BlackElo "1248"]

1. Nc3 e5 2. Nf3 Nc6 3. d4 Bd6 4. d5 Nb4 5. a3 Na6 6. e4 Nf6 7. Bg5 h6 8. 
Bh4 O-O 9. Qd2 Nc5 10. Qe2 c6 11. O-O-O Qb6 12. Bxf6 gxf6 13. Qe3 cxd5 14.
 Nxd5 Qd8 15. Qxh6 Nxe4 16. Bd3 Ng5 17. Nxg5 fxg5 18. Qh7# 1-0

[Event "2020 Gustafson Memorial, S02089"]
[Site "CCLA"]
[Date "2020.10.24"]
[Round "?"]
[White "Ritzmann, Andrew M."]
[Black "Cangelosi, Dominic"]
[Result "0-1"]
[WhiteElo "1248"]
[BlackElo "1406"]

1. d4 f5 2. c4 Nf6 3. Nc3 e6 4. Nf3 Bb4 5. Bd2 O-O 6. Bg5 Bxc3+ 7. bxc3 d5
8. Ne5 Nbd7 9. Nxd7 Qxd7 10. e3 Ne4 11. Bf4 Nxc3 12. Qb3 Ne4 13. cxd5 exd5
14. Bd3 a5 15. f3 Nf6 16. O-O b6 17. Bb5 Qf7 18. Rac1 Ra7 19. Rc6 Ne8 20. 
g4 fxg4 21. e4 Bd7 22. exd5 Bxc6 23. Bxc6 Qxf4 24. Bxe8 Qxd4+ 25. Kg2 Rxe8
26. d6+ Kh8 27. Qb5 Raa8 28. dxc7 Qd2+ 29. Kg3 gxf3 30. Rxf3 Qd6+ 31. Kf2 
Qxh2+ 32. Kf1 Qxc7 0-1

[Event "2020 Gustafson Memorial, S02089"]
[Site "CCLA"]
[Date "2020.10.24"]
[Round "?"]
[White "Ritzmann, Andrew M."]
[Black "Taylor, Ronald D."]
[Result "0-1"]
[WhiteElo "1248"]
[BlackElo "1375"]

1. d4 Nf6 2. Nc3 g6 3. Nf3 Bg7 4. Bg5 d5 5. e3 O-O 6. Bd3 c5 7. O-O c4 8. 
Be2 Nc6 9. Ne5 Be6 10. Nxc6 bxc6 11. b3 cxb3 12. axb3 Nd7 13. f4 Nb6 14. 
Bd3 Qd7 15. Qf3 Bf5 16. Bxf5 Qxf5 17. Bxe7 Rfe8 18. Bg5 Qxc2 19. e4 dxe4 
20. Qe3 Qxb3 21. Rab1 Qc4 22. Nxe4 Bxd4 23. Nf6+ Kg7 24. Nxe8+ Rxe8 25. 
Rfe1 Rxe3 26. Rxe3 Bxe3+ 27. Kh1 Qc2 28. Re1 h6 0-1

[Event "2020 Gustafson Memorial, S02089"]
[Site "CCLA"]
[Date "2020.10.24"]
[Round "?"]
[White "Ritzmann, Andrew M."]
[Black "Berger, Byron"]
[Result "0-1"]
[WhiteElo "1248"]
[BlackElo "1296"]

1. d4 d5 2. c4 e6 3. Nc3 c5 4. dxc5 d4 5. Ne4 Nf6 6. Nxf6+ Qxf6 7. Nf3 Nc6
8. Bg5 Qf5 9. Qa4 Bxc5 10. g3 Bd7 11. Qb5 Rb8 12. Bg2 Be7 13. Qxf5 exf5 
14. Bxe7 Kxe7 15. O-O Rhe8 16. Rfd1 Kf8 17. Nxd4 Nxd4 18. Rxd4 Red8 19. 
Rad1 Ke8 20. b4 b6 21. b5 Be6 22. Rxd8+ Rxd8 23. Bc6+ Bd7 24. Bxd7+ Rxd7 
25. Rxd7 Kxd7 26. Kg2 Kd6 27. Kf3 Kc5 28. Kf4 g6 29. Ke5 Kxc4 30. Kd6 Kxb5
31. Ke7 Kc4 32. Kxf7 b5 33. Kf6 a5 34. h4 b4 35. Kg7 a4 36. Kxh7 b3 37. 
axb3+ axb3 38. Kxg6 b2 39. Kxf5 b1=Q+ 40. e4 Qg1 41. h5 Qxf2+ 42. Kg4 Kd4 
43. h6 Kxe4 44. Kg5 Qf8 0-1

[Event "2020 Gustafson Memorial, S02090"]
[Site "CCLA"]
[Date "2020.10.24"]
[Round "?"]
[White "Simonson, Jay"]
[Black "Johnson, Richard L."]
[Result "1-0"]
[WhiteElo "1352"]
[BlackElo "1230"]

1. e4 e5 2. Nf3 d6 3. d4 Nc6 4. Bb5 Bd7 5. dxe5 a6 6. Bxc6 Bxc6 7. exd6 
cxd6 8. Nc3 Nf6 9. e5 Nd5 10. Nxd5 f6 11. exf6 gxf6 12. Qd4 Bg7 13. Qe3+ 
1-0

[Event "2020 Gustafson Memorial, S02090"]
[Site "CCLA"]
[Date "2020.10.24"]
[Round "?"]
[White "Simonson, Jay"]
[Black "Jimenez, Jose"]
[Result "1-0"]
[WhiteElo "1352"]
[BlackElo "1200"]

1. e4 e5 2. Nf3 Nf6 3. Bb5 c6 4. Bc4 Bc5 5. Nc3 d5 6. exd5 b5 7. Bb3 cxd5 
8. Bxd5 Nxd5 9. a3 Bf5 10. d4 exd4 11. Qe2+ Kf8 12. Nxb5 Nc6 13. Qc4 a6 
14. Qxc5+ Qe7+ 15. Qxe7+ Ndxe7 16. Nbxd4 Be4 17. Ng5 Nxd4 18. O-O Ne2+ 19.
 Kh1 Bxc2 20. Be3 h6 21. Nf3 Nf5 22. Bc5+ Kg8 23. Rfe1 Bd3 24. Ne5 Rb8 25.
 Nxd3 Rb3 26. Rad1 Ned4 27. Bxd4 Nxd4 28. Rd2 g5 29. Rc1 Kg7 30. Nc5 Rb5 
31. Rxd4 Re8 32. g3 Rxb2 33. Nd3 Rb5 34. Kg2 Rf5 35. Rc6 a5 36. g4 Rf6 37.
 Rxf6 Kxf6 38. Rd6+ Re6 39. Rxe6+ fxe6 40. Kf3 Kg6 41. a4 h5 42. Nc5 h4 
43. Nxe6 h3 44. Nc5 1-0

[Event "2020 Gustafson Memorial, S02090"]
[Site "CCLA"]
[Date "2020.10.24"]
[Round "?"]
[White "Johnson, Richard L."]
[Black "Simonson, Jay"]
[Result "0-1"]
[WhiteElo "1230"]
[BlackElo "1352"]

1. e4 e5 2. f4 exf4 3. Qg4 Bd6 4. Nf3 Nf6 5. Qxg7 Rg8 6. Ng5 Rxg7 7. Nh3 
Ng4 8. Be2 Bc5 9. Nxf4 Bf2+ 10. Kf1 Qg5 11. Nh3 Ne3+ 12. dxe3 Qxg2# 0-1

[Event "2020 Gustafson Memorial, S02090"]
[Site "CCLA"]
[Date "2020.10.24"]
[Round "?"]
[White "Johnson, Richard L."]
[Black "Jimenez, Jose"]
[Result "0-1"]
[WhiteElo "1230"]
[BlackElo "1200"]

1. e4 e5 2. Nf3 Nc6 3. d3 Nf6 4. Bg5 Bd6 5. h3 h6 6. Nc3 hxg5 7. Nb5 Bb4+ 
8. c3 a6 9. Qa4 Ba5 10. b4 axb5 11. Qxb5 O-O 12. Qa4 Qe7 13. bxa5 b5 14. 
Qb3 Rxa5 15. g4 Ba6 16. Nxg5 Ra3 17. Qb1 Rxc3 18. d4 Nxd4 19. Bd3 Qa3 20. 
O-O Rxd3 0-1

[Event "2020 Gustafson Memorial, S02090"]
[Site "CCLA"]
[Date "2020.10.24"]
[Round "?"]
[White "Jimenez, Jose"]
[Black "Simonson, Jay"]
[Result "0-1"]
[WhiteElo "1200"]
[BlackElo "1352"]

1. e4 c5 2. Nf3 Nc6 3. Nc3 d6 4. Bc4 Nf6 5. O-O g6 6. Ng5 Ne5 7. Bb5+ Bd7 
8. Qe2 h6 9. f4 hxg5 10. fxe5 dxe5 11. d3 Qb6 12. Bxd7+ Nxd7 13. Bxg5 Qxb2
14. Qd2 c4 15. Nd5 Rc8 16. Rab1 Qa3 17. dxc4 b6 18. Ra1 Qc5+ 19. Be3 Bh6 
20. Bxc5 Bxd2 21. Bxe7 Rxc4 22. Rad1 Rxc2 23. Ra1 Bf4 24. g3 Bxg3 25. hxg3
Rhh2 26. Rac1 Rcg2# 0-1

[Event "2020 Gustafson Memorial, S02090"]
[Site "CCLA"]
[Date "2020.10.24"]
[Round "?"]
[White "Jimenez, Jose"]
[Black "Johnson, Richard L."]
[Result "1-0"]
[WhiteElo "1200"]
[BlackElo "1230"]

1. e4 e5 2. Nf3 d6 3. Bc4 c6 4. O-O Nd7 5. Nc3 Nh6 6. d3 b5 7. Bb3 Nc5 8. 
Ng5 f6 9. Nf3 Ng4 10. h3 h5 11. hxg4 Bxg4 12. Qe1 d5 13. d4 Nxe4 14. dxe5 
Qe7 15. exf6 gxf6 16. Nd4 Rg8 17. f3 Bxf3 18. Rxf3 Rg4 19. Nxc6 
{Black forfeited} 1-0

[Event "Fall Server Series, S02091"]
[Site "CCLA"]
[Date "2020.11.21"]
[Round "?"]
[White "Caliguire, John J."]
[Black "Honn, Jerry E."]
[Result "1-0"]
[WhiteElo "2260"]
[BlackElo "2211"]

1. e4 c5 2. Ne2 d6 3. Nbc3 Nf6 4. g3 Nc6 5. Bg2 g6 6. O-O Bg7 7. Nd5 O-O 
8. c3 e6 9. Nxf6+ Qxf6 10. d3 Qe7 11. Be3 b6 12. d4 e5 13. d5 Na5 14. b3 
Bd7 15. Qd2 Nb7 16. f3 f6 17. c4 a6 18. f4 f5 19. Rae1 Rae8 20. exf5 Bxf5 
21. fxe5 Bxe5 22. Bh6 Rf7 23. Nf4 Qc7 24. Ne6 Qc8 25. g4 Bxe6 26. dxe6 
Rxf1+ 27. Rxf1 Nd8 28. e7 Ne6 29. Bd5 Rxe7 30. Qg5 Re8 31. Rf6 1-0

[Event "Fall Server Series, S02091"]
[Site "CCLA"]
[Date "2020.11.21"]
[Round "?"]
[White "Honn, Jerry E."]
[Black "Caliguire, John J."]
[Result "1-0"]
[WhiteElo "2211"]
[BlackElo "2260"]

1. d4 Nf6 2. c4 e6 3. Nc3 Bb4 4. Bg5 h6 5. Bh4 c5 6. d5 b5 7. e3 Bb7 8. 
dxe6 fxe6 9. cxb5 O-O 10. Nf3 Qa5 11. Bxf6 Rxf6 12. Qd2 a6 13. bxa6 Bxa6 
14. a3 Bxf1 15. Rxf1 Qa7 16. Ne5 Ba5 17. f4 d5 18. O-O-O Nd7 19. Nc6 Bxc3 
20. Qxc3 Qa4 21. Ne5 Nxe5 22. Qxe5 Qc4+ 23. Qc3 Qxc3+ 24. bxc3 Rxa3 25. 
Kb2 Ra4 26. f5 exf5 27. Rxd5 Rb6+ 28. Kc2 c4 29. Rb1 Ra2+ 30. Kc1 Rxb1+ 
31. Kxb1 Rxg2 32. Rxf5 Rxh2 33. Rf4 g5 {Black forfeited} 1-0

[Event "Fall Server Series, S02091"]
[Site "CCLA"]
[Date "2020.11.21"]
[Round "?"]
[White "Honn, Jerry E."]
[Black "Shannon, Paul D."]
[Result "1-0"]
[WhiteElo "2211"]
[BlackElo "2039"]

1. d4 e6 2. c4 c5 3. d5 exd5 4. cxd5 Nf6 5. Nc3 d6 6. Nf3 g6 7. Bf4 a6 8. 
a4 Bg7 9. h3 O-O 10. e3 Qe7 11. Bd3 Nbd7 12. O-O Ne8 13. a5 b5 14. axb6 
Nxb6 15. e4 Nc7 16. Qd2 Rd8 17. Rfe1 f6 18. b3 Nd7 19. Ra5 Bb7 20. Na4 Ne5
21. Nxe5 fxe5 22. Be3 Rab8 23. Rb1 Bc8 24. b4 cxb4 25. Rxb4 Rxb4 26. Qxb4 
Rf8 27. Nb6 Bb7 28. Nc4 Nb5 29. Nd2 Nd4 30. Bxa6 Ba8 31. Qa4 Qc7 32. Bd3 
Bb7 33. Nc4 Rd8 34. Bd2 Qd7 35. Qb4 Bf8 36. Bg5 Rb8 37. Qb6 h6 38. Be3 Be7
39. Ra7 Nb5 40. Nxe5 1-0

[Event "Fall Server Series, S02091"]
[Site "CCLA"]
[Date "2020.11.21"]
[Round "?"]
[White "Shannon, Paul D."]
[Black "Honn, Jerry E."]
[Result "0-1"]
[WhiteElo "2039"]
[BlackElo "2211"]

1. e4 c5 2. Nc3 a6 3. f4 b5 4. Nf3 Bb7 5. d3 e6 6. Be2 Nc6 7. O-O d6 8. 
Qe1 Nf6 9. Bd2 Be7 10. Nd1 a5 11. c3 O-O 12. Qg3 b4 13. Ne3 a4 14. f5 Bc8 
15. fxe6 fxe6 16. Rae1 Nh5 17. Qf2 Nf4 18. Nc2 Nxe2+ 19. Qxe2 Rb8 20. cxb4
Nxb4 21. Nxb4 cxb4 22. Be3 Bd7 23. Nd4 Bf6 24. Rc1 Qa5 25. Nc6 Bxc6 26. 
Rxc6 Qb5 27. Rc4 b3 28. a3 Ra8 29. Rfc1 Qe5 30. Bd4 Qxd4+ 31. Rxd4 Bxd4+ 
32. Kh1 Rac8 33. Rxc8 Rxc8 34. h4 Be5 35. Qe3 Bxb2 36. Kh2 Be5+ 37. Kh3 b2
0-1

[Event "Fall Server Series, S02091"]
[Site "CCLA"]
[Date "2020.11.21"]
[Round "?"]
[White "Caliguire, John J."]
[Black "Shannon, Paul D."]
[Result "0-1"]
[WhiteElo "2260"]
[BlackElo "2039"]

1. Nf3 Nf6 2. c4 e6 3. Nc3 Bb4 4. Qc2 c5 5. e3 O-O 6. b3 d6 7. Bb2 Bd7 
8. Be2 Bc6 9. O-O Nbd7 10. d4 a6 11. Rfd1 Bxc3 12. Qxc3 Ne4 13. Qc2 f5 
14. dxc5 dxc5 15. Ne5 Qc7 16. Nxc6 Qxc6 17. Rd3 Qc7 18. Rad1 Nef6 
19. Rd6 Rfe8 20. f4 Rad8 21. Qd2 Nd5 22. Be5 N5b6 23. a4 Re7 24. Rxe6 
{White forfeited} 0-1

[Event "Fall Server Series, S02091"]
[Site "CCLA"]
[Date "2020.11.21"]
[Round "?"]
[White "Shannon, Paul D."]
[Black "Caliguire, John J."]
[Result "1-0"]
[WhiteElo "2039"]
[BlackElo "2260"]

1. e4 e6 2. d4 d5 3. e5 c5 4. c3 Nc6 5. Nf3 Qb6 6. a3 Nge7 7. dxc5 Qc7 8. 
Nd4 Qxe5+ 9. Be2 Qb8 10. O-O g6 11. Bg5 Bg7 12. Nxc6 bxc6 13. Qc1 a5 14. 
Nd2 a4 15. Nf3 f6 16. Bd2 O-O 17. Rb1 e5 18. Bd1 Qa7 19. Be3 Nf5 20. Re1 
Nxe3 21. Qxe3 Bf5 22. Ra1 Rfb8 23. Re2 Bf8 24. Nh4 Bxc5 25. Qg3 Be4 26. c4
Rb7 27. cxd5 cxd5 28. b4 axb3 29. Bxb3 Rab8 30. Ba2 Rb2 31. Rae1 Rxe2 32. 
Rxe2 Qa4 33. Rd2 Rb2 {Black forfeited}1-0

[Event "Fall Server Series, S02091"]
[Site "CCLA"]
[Date "2020.11.21"]
[Round "?"]
[White "Deakin, Christopher"]
[Black "Honn, Jerry E."]
[Result "0-1"]
[WhiteElo "2101"]
[BlackElo "2211"]

1. e4 c5 2. Nf3 a6 3. c3 e6 4. d4 d5 5. e5 Nc6 6. Be2 Bd7 7. O-O Rc8 8. h3
cxd4 9. cxd4 Nge7 10. Nc3 Nf5 {White withdrew} 0-1

[Event "Fall Server Series, S02091"]
[Site "CCLA"]
[Date "2020.11.21"]
[Round "?"]
[White "Shannon, Paul D."]
[Black "Deakin, Christopher"]
[Result "1-0"]
[WhiteElo "2039"]
[BlackElo "2101"]

1. e4 e5 2. Nf3 Nc6 3. c3 Nf6 4. Qc2 d5 5. Bb5 dxe4 6. Nxe5 Qd5 7. Bxc6+ 
bxc6 8. f4 exf3 9. Nxf3 Bf5 10. Qa4 Bd6 11. O-O O-O 12. d4 Rfe8 13. c4 Qe4
14. Nc3 {Black withdrew} 1-0

[Event "Fall Server Series, S02091"]
[Site "CCLA"]
[Date "2020.11.21"]
[Round "?"]
[White "Deakin, Christopher"]
[Black "Shannon, Paul D."]
[Result "0-1"]
[WhiteElo "2101"]
[BlackElo "2039"]

1. e4 e6 2. d4 d5 3. Nc3 Bb4 4. e5 c5 5. a3 Bxc3+ 6. bxc3 Ne7 7. Qg4 Qc7 
8. Bd3 cxd4 9. Ne2 dxc3 10. Qxg7 Rg8 11. Qxh7 Nbc6 12. Bf4 Bd7 13. O-O 
O-O-O 14. Qxf7 Rdf8 15. Qh5 Rh8 {White withdrew} 0-1

[Event "Fall Server Series, S02092"]
[Site "CCLA"]
[Date "2020.11.21"]
[Round "?"]
[White "Deakin, Christopher"]
[Black "Cofer, David"]
[Result "0-1"]
[WhiteElo "1808"]
[BlackElo "1888"]

1. e4 e6 2. d4 d5 3. Nc3 Nf6 4. e5 Nfd7 5. f4 c5 6. Nf3 Nc6 7. Be3 Be7 8. 
Be2 O-O 9. Qd2 b6 10. O-O cxd4 11. Nxd4 Nxd4 0-1

[Event "Fall Server Series, S02092"]
[Site "CCLA"]
[Date "2020.11.21"]
[Round "?"]
[White "Deakin, Christopher"]
[Black "Silverman, Robert"]
[Result "0-1"]
[WhiteElo "1808"]
[BlackElo "1994"]

1. e4 c5 2. Nf3 a6 3. c3 b6 4. d4 cxd4 5. cxd4 Bb7 6. Nc3 e6 7. Bd3 d6 8. 
O-O Nf6 9. d5 e5 10. h3 Be7 11. Be3 Nbd7 12. a4 Nc5 13. b4 Nxd3 14. Qxd3 
O-O 15. b5 a5 16. Rac1 Rc8 17. Ne2 Bxd5 0-1

[Event "Fall Server Series, S02092"]
[Site "CCLA"]
[Date "2020.11.21"]
[Round "?"]
[White "Deakin, Christopher"]
[Black "Rouse, LaMont"]
[Result "1-0"]
[WhiteElo "1808"]
[BlackElo "1789"]

1. e4 d5 2. exd5 Nf6 3. d4 Qxd5 4. Nf3 Bg4 5. Be2 e6 6. O-O Be7 7. Be3 O-O
8. h3 Bh5 9. c4 Qd8 10. Nc3 c6 11. Ne5 Bxe2 12. Qxe2 Nbd7 13. Rad1 Qc7 14.
 Bg5 h6 15. Bf4 Nxe5 16. dxe5 Nh7 17. b3 Rfd8 18. Ne4 Rxd1 19. Rxd1 Rd8 
20. Nd6 Nf8 21. c5 b6 22. b4 a5 23. bxa5 bxc5 24. Nc4 Rxd1+ 25. Qxd1 Ng6 
26. g3 Nxf4 27. gxf4 g6 28. Qb3 Kg7 29. a6 Bh4 30. Qb7 Qd8 31. Nd6 Qa5 32.
 Qxf7+ Kh8 33. Qf8+ Kh7 34. Ne4 Qe1+ 35. Kh2 Qxe4 36. a7 Qf3 37. Qf7+ Kh8 
38. a8=Q+ 1-0

[Event "Fall Server Series, S02092"]
[Site "CCLA"]
[Date "2020.11.21"]
[Round "?"]
[White "Cofer, David"]
[Black "Deakin, Christopher"]
[Result "1-0"]
[WhiteElo "1888"]
[BlackElo "1808"]

1. d4 d5 2. Bf4 Nf6 3. e3 e6 4. Nd2 Bd6 5. Ngf3 O-O 6. Bd3 Bxf4 7. exf4 b6
8. O-O c5 9. c3 Ba6 10. Bxa6 Nxa6 11. Ne5 Qd6 12. Re1 Nb8 13. Ndf3 1-0

[Event "Fall Server Series, S02092"]
[Site "CCLA"]
[Date "2020.11.21"]
[Round "?"]
[White "Cofer, David"]
[Black "Silverman, Robert"]
[Result "0-1"]
[WhiteElo "1888"]
[BlackElo "1994"]

1. d4 g6 2. Bf4 Bg7 3. e3 d6 4. Nf3 Nd7 5. h3 c5 6. c3 Ngf6 7. Nbd2 O-O 8.
 Bd3 cxd4 9. cxd4 Re8 10. Bh2 e5 11. dxe5 Nxe5 12. Nxe5 dxe5 13. Nb3 Bd7 
14. O-O Qe7 15. Re1 Rad8 16. Rc1 Bxh3 17. gxh3 e4 18. Re2 exd3 19. Rd2 Ne4
20. Rxd3 Qg5+ 21. Bg3 Bxb2 22. Rc2 Rxd3 23. Qxd3 Nxg3 24. Rxb2 Ne4+ 25. 
Kf1 Qh4 0-1

[Event "Fall Server Series, S02092"]
[Site "CCLA"]
[Date "2020.11.21"]
[Round "?"]
[White "Cofer, David"]
[Black "Rouse, LaMont"]
[Result "1/2-1/2"]
[WhiteElo "1888"]
[BlackElo "1789"]

1. d4 d5 2. Bf4 Nf6 3. e3 Nc6 4. Nd2 e6 5. Ngf3 Be7 6. Bd3 O-O 7. c3 h6 8.
 O-O Nh5 9. Re1 Nxf4 10. exf4 a6 11. Ne5 Nxe5 12. fxe5 c5 13. Nf3 cxd4 14.
 Nxd4 Bd7 15. Qc2 Rc8 16. Qe2 Bc5 17. Bc2 Bxd4 18. cxd4 Bb5 19. Qd2 Rc7 
20. Bd3 Bxd3 21. Qxd3 Qh4 22. Rac1 Rfc8 23. Rxc7 Rxc7 24. g3 Qd8 1/2-1/2

[Event "Fall Server Series, S02092"]
[Site "CCLA"]
[Date "2020.11.21"]
[Round "?"]
[White "Silverman, Robert"]
[Black "Deakin, Christopher"]
[Result "1-0"]
[WhiteElo "1994"]
[BlackElo "1808"]

1. c4 e5 2. Nc3 Nf6 3. Nf3 Nc6 4. e4 Bb4 5. d3 O-O 6. Be2 d6 7. a3 Bxc3+ 
8. bxc3 h6 9. Rb1 Rb8 10. O-O b6 11. Ne1 Bd7 12. Nc2 a5 13. Ne3 Ne7 14. f4
exf4 15. Rxf4 1-0

[Event "Fall Server Series, S02092"]
[Site "CCLA"]
[Date "2020.11.21"]
[Round "?"]
[White "Silverman, Robert"]
[Black "Cofer, David"]
[Result "1-0"]
[WhiteElo "1994"]
[BlackElo "1888"]

1. d4 d5 2. c4 c6 3. Nf3 Nf6 4. Nc3 e6 5. Bg5 Nbd7 6. e3 Qa5 7. Nd2 Be7 8.
 a3 O-O 9. Bf4 dxc4 10. Nxc4 Qd8 11. Be2 Nd5 12. Bg3 Nxc3 13. bxc3 b5 14. 
Nd6 Bxd6 15. Bxd6 Re8 16. O-O h6 17. Bg3 a6 18. a4 Bb7 19. Qb1 Qe7 20. c4 
Nb6 21. Rc1 Rac8 22. c5 Nd5 23. e4 Nc7 24. Bd6 Qd7 25. Rd1 Red8 26. Bg4 
Ne8 27. Be5 f6 28. Bg3 Qf7 29. f3 Ra8 30. Bh3 g5 31. Qb3 Bc8 32. f4 gxf4 
33. Bxf4 e5 34. Qg3+ Qg7 35. dxe5 Rxd1+ 36. Rxd1 Qxg3 37. hxg3 Bxh3 38. 
gxh3 fxe5 39. Bxe5 bxa4 40. Ra1 Kf7 41. Rxa4 Ke6 42. Bf4 h5 43. g4 hxg4 
44. hxg4 Kf7 45. g5 Kg6 46. Kf2 Ng7 47. Rd4 Ne6 48. Rd6 Re8 49. Rxc6 a5 
50. Kg3 a4 51. Kg4 a3 52. Ra6 Kf7 53. Be3 Nf8 54. Kf5 1-0

[Event "Fall Server Series, S02092"]
[Site "CCLA"]
[Date "2020.11.21"]
[Round "?"]
[White "Silverman, Robert"]
[Black "Rouse, LaMont"]
[Result "1-0"]
[WhiteElo "1994"]
[BlackElo "1789"]

1. c4 e5 2. Nc3 Nf6 3. Nf3 Nc6 4. e4 d6 5. d3 h6 6. h3 Be7 7. Be3 O-O 8. 
a3 a6 9. Be2 Bd7 10. O-O Qc8 11. b4 Re8 12. Qc2 Nh7 13. Nd5 Ng5 14. Nxe7+ 
Nxe7 15. Nxg5 hxg5 16. Bxg5 Ng6 17. Qc1 b6 18. Bh5 a5 19. f4 exf4 20. Bxg6
fxg6 21. Qxf4 Rf8 22. Qh4 axb4 23. axb4 Rxa1 24. Rxa1 b5 25. Be7 Rf7 26. 
c5 Qe8 27. cxd6 cxd6 28. Bxd6 Qc8 29. Kh2 Rf6 30. Be5 Rc6 31. Qg5 Be8 32. 
Qe7 Bf7 33. Ra7 1-0

[Event "Fall Server Series, S02092"]
[Site "CCLA"]
[Date "2020.11.21"]
[Round "?"]
[White "Rouse, LaMont"]
[Black "Deakin, Christopher"]
[Result "1-0"]
[WhiteElo "1789"]
[BlackElo "1808"]

1. Nc3 d5 2. d4 Nf6 3. Bg5 Nbd7 4. e3 e6 5. a3 a6 6. Nf3 Be7 7. Be2 O-O 8.
 O-O h6 9. Bh4 b6 10. Bg3 c5 11. Ne5 Bb7 12. Nxd7 Nxd7 13. dxc5 Nxc5 14. 
Bf3 Bf6 15. Qd2 Re8 16. Rab1 Qe7 17. Rfe1 Rad8 18. h3 d4 19. exd4 Bxf3 20.
 gxf3 Rxd4 21. Qe2 b5 22. Rbd1 Rxd1 23. Rxd1 Bxc3 24. bxc3 e5 25. Rd5 f6 
26. Qd2 Ne6 27. Rd6 Nd4 28. cxd4 Qxd6 29. Qc3 Qxd4 30. Qc6 Rd8 31. Qxa6 
Qd1+ 32. Kg2 Qxc2 33. Qe6+ Kh7 34. Qe7 Rd3 35. h4 Qc6 36. Qf7 Qxf3+ 37. 
Kh2 Rd1 38. h5 Rh1# 1-0

[Event "Fall Server Series, S02092"]
[Site "CCLA"]
[Date "2020.11.21"]
[Round "?"]
[White "Rouse, LaMont"]
[Black "Cofer, David"]
[Result "1/2-1/2"]
[WhiteElo "1789"]
[BlackElo "1888"]

1. Nc3 c5 2. e4 Nc6 3. f4 g6 4. Nf3 Bg7 5. d3 d6 6. Be2 e5 7. O-O Nge7 8. 
fxe5 dxe5 9. Bg5 h6 10. Be3 Nd4 11. Rb1 Nxe2+ 12. Qxe2 b6 13. Qd2 g5 14. 
h3 O-O 15. Rbd1 Be6 16. a3 c4 17. Ne2 cxd3 18. cxd3 Rc8 19. d4 exd4 20. 
Nexd4 Ng6 21. Nxe6 Qxd2 22. Rxd2 1/2-1/2

[Event "Fall Server Series, S02092"]
[Site "CCLA"]
[Date "2020.11.21"]
[Round "?"]
[White "Rouse, LaMont"]
[Black "Silverman, Robert"]
[Result "0-1"]
[WhiteElo "1789"]
[BlackElo "1994"]

1. b4 d5 2. Bb2 c6 3. e3 Bf5 4. Nf3 e6 5. c4 Nd7 6. a3 Ngf6 7. Be2 Be7 8. 
O-O O-O 9. d4 dxc4 10. Bxc4 b5 11. Bd3 a5 12. Bxf5 exf5 13. Nbd2 axb4 14. 
axb4 Bxb4 15. Rxa8 Qxa8 16. Qa1 Qb7 17. Qb1 g6 18. Rd1 Ra8 19. Ne5 Nd5 20.
 Ndf3 N7b6 21. h3 Bc3 22. Rc1 Na4 23. Bxc3 Naxc3 24. Qb2 Ra2 25. Qb3 Ne2+ 
26. Kf1 Nxc1 27. Qb1 Qa6 28. Qxc1 Ra1 0-1

[Event "Fall Server Series, S02093"]
[Site "CCLA"]
[Date "2020.11.21"]
[Round "?"]
[White "Zarges, Ron V."]
[Black "Thomas, Gerald K."]
[Result "1-0"]
[WhiteElo "1794"]
[BlackElo "1634"]

1. e4 e6 2. d4 d5 3. Nd2 a6 4. Ngf3 Nc6 5. c3 dxe4 6. Nxe4 Be7 7. Bd3 h6 
8. Bf4 g5 9. Bc1 f5 10. Nc5 Bxc5 11. dxc5 Nf6 12. Nd4 Bd7 13. Qe2 Nxd4 14.
 cxd4 O-O 15. Bd2 Qe7 16. O-O-O Rae8 17. h4 Rf7 18. hxg5 hxg5 19. Bxg5 Qf8
20. Bxf6 Rxf6 21. Qh5 Qg7 22. Rh2 Re7 23. Rdh1 Ref7 24. Qh8+ Qxh8 25. 
Rxh8+ Kg7 26. R8h7+ Kf8 27. Rxf7+ Rxf7 28. Kd2 Bc6 29. Rh2 Kg8 30. g3 Rh7 
31. Rxh7 Kxh7 32. g4 Kg6 33. f4 Bd5 34. a3 c6 35. b4 Bf3 36. g5 Bd5 37. 
Be2 Be4 38. a4 Bd5 39. b5 axb5 40. axb5 Be4 41. Ke3 Bd5 42. Bf3 Bxf3 43. 
Kxf3 Kh5 44. bxc6 bxc6 45. Ke3 Kg6 46. Kd3 1-0

[Event "Fall Server Series, S02093"]
[Site "CCLA"]
[Date "2020.11.21"]
[Round "?"]
[White "Zarges, Ron V."]
[Black "Regan, David"]
[Result "1-0"]
[WhiteElo "1794"]
[BlackElo "1689"]

1. e4 d6 2. d4 Nf6 3. f3 c5 4. d5 e6 5. c4 exd5 6. cxd5 Be7 7. Nc3 O-O 8. 
Bd3 a6 9. a4 Nbd7 10. Nge2 Rb8 11. O-O Ne5 12. Bc2 b5 13. axb5 axb5 14. f4
Ned7 15. Ng3 Re8 16. Nf5 Bf8 17. Ng3 c4 18. Qd4 Qb6 19. Qxb6 Rxb6 20. Be3 
Rb8 21. h3 b4 22. Nce2 b3 23. Bb1 Nc5 24. Nc3 Bd7 25. Bxc5 dxc5 26. Rd1 
Ra8 27. Rxa8 Rxa8 28. e5 Ne8 29. d6 g6 30. Nge4 Rc8 31. Rd5 1-0

[Event "Fall Server Series, S02093"]
[Site "CCLA"]
[Date "2020.11.21"]
[Round "?"]
[White "Zarges, Ron V."]
[Black "Smiley, William R."]
[Result "1-0"]
[WhiteElo "1794"]
[BlackElo "1574"]

1. d4 d5 2. Nf3 Nf6 3. c4 c6 4. Qc2 g6 5. Bf4 dxc4 6. Qxc4 Bg7 7. Nc3 O-O 
8. e4 e6 9. Rd1 Nbd7 10. Be2 Re8 11. O-O Nb6 12. Qb3 Bf8 13. e5 Nfd5 14. 
Bg5 Be7 15. Bxe7 Nxe7 16. Ne4 Kg7 17. Nfg5 Ned5 18. Qf3 f5 19. exf6+ Nxf6 
20. Qxf6+ Qxf6 21. Nxf6 Kxf6 22. Nxh7+ Kg7 23. Ng5 Nd5 24. Nf3 Bd7 25. g3 
Rad8 26. Ne5 Bc8 27. Bd3 Ne7 28. Bc2 Rd6 29. Rfe1 Red8 30. Nf3 Nf5 31. 
Bxf5 gxf5 32. Ng5 Kf6 33. Nf3 Re8 34. Rc1 Red8 35. b4 b5 36. h4 Bd7 37. 
Ne5 Be8 38. Kg2 Rc8 39. Red1 Kg7 40. Rd2 Kf6 41. f3 Rcd8 42. Rcd1 Kg7 43. 
Kf2 Kf6 44. Ke3 Kg7 45. g4 1-0